000 00687nam a2200241Ia 4500
003 OSt
005 20220925195940.0
006 a|||||r|||| 00| 0
007 ta
008 220923b |||||||| |||| 00| 0 eng d
020 _a0538879270
037 _cGeneral Book
040 _aRTL
_cRTL
_beng
041 _2eng
_aeng
082 _aX:8, N8
100 _aDaft Richard L
_9143518
245 0 _aEssentials of organization theory and design
260 _aCincinnali
_bSouth Western College Publishing
_c1998
300 _axi, 379p. Glossary p 359-66
_ccm.
650 _aManagement
_930681
942 _hX:8, N8
_cGB
_2CC
999 _c534872
_d534872